Countries that were in the 1950 FIFA World Cup - Statistics

General Stats
  • This quiz has been taken 35 times
  • The average score is 14 of 15
Answer Stats
Picture Answer % Correct
Brazil
100%
France
100%
India
100%
Italy
100%
Mexico
100%
Switzerland
100%
USA
100%
Chile
97%
England
97%
Spain
97%
Sweden
97%
Uruguay
97%
Yugoslavia
91%
Paraguay
88%
Bolivia
84%
No matching quizzes found
Score Distribution
Percent of People with Each Score
Percentile by Number Answered
Your Score History
You have not taken this quiz